Statistics for Metaphors

Click here to take the quiz!

General Stats

  • This quiz has been taken 81 times
  • The average score is 7 of 9

Answer Stats

HintAnswer% Correct
It’sRainingCats and Dogs
100%
Let theCatOut of the sack
92%
Spill theBeans
89%
On pins andNeedles
88%
SavedBy the bell
85%
DownIn the dumps
82%
CatchSome zzzs
68%
Get coldFeet
59%
Hit theSack
51%

Score Distribution

Percentile by Number Answered

Percent of People with Each Score

Your Score History

You have not taken this quiz